00643nam a2200157Ia 4500008004100000100002800041245010100069245006800170260005300238260001800291300000800309650001500317856006100332999001900393952007300412170221s9999 xx 000 0 und d aAnastasia M. Obmorokova aSpecific Features of Development of the Russian Modern Art Market: Analysis of Krasnoyarsk Krai  cAnastasia M. Obmorokova, Natalia O. Nemaeva, Gennady E. Karepov bInternational Review of Management and Marketing cDecember 2012 a4:2 xMarketing. uhttp://www.econjournals.com/index.php/irmm/issue/view/83 c310383d310383 001040aCLbCLd2017-02-21l0r2017-02-21 00:00:00w2017-02-21yFOJ